000 01003nam a2200277Ia 4500
003 GCL
008 140319s9999 xx 000 0 ara d
040 _aGCL /
_cGCL
082 0 4 _a250
_bغ ا
100 1 _aعبدالصبور شاهين
245 1 0 _aاحياء علوم الدين /
_cعبدالصبور شاهين
700 1 _aاصلاح عبدالسلام الرفاعى
700 1 _aالغزالى : حجة الاسلام ابو حامد محمد بن محمد بن محمد بن احمد الطوسى
250 _aالاولى
260 _aالقاهرة :
_bمركز الاهرام للترجمة والنشر ،
_c1988
300 _a398 ص ؛
_c24 سم
490 _aتقريب التراث
_v1
650 0 4 _aالفلسفة الاسلامية
650 0 4 _aالاسلام
650 0 4 _aالاجتهاد
650 0 4 _aالشريعة الاسلامية
650 0 4 _aالفقه الاسلامى
650 0 4 _aالعبادات
650 0 4 _aالغزالى
942 _2ddc
_cBK
999 _c30311
_d30311